| 000 | 00415cam a22001457a 4500 | ||
|---|---|---|---|
| 008 | 180718b1972 xxu||||| |||| 00| 0 eng d | ||
| 082 | _aLx54 D459 | ||
| 100 | _aDeshmukh, C.D. | ||
| 245 |
_aReflections on finance, education and society _cby C.D. Deshmukh |
||
| 260 |
_aDelhi _bMotilal Banarsides _c1972 |
||
| 300 | _a405p. | ||
| 500 | _aRs.35.00 | ||
| 650 | _aEducation - India | ||
| 650 | _aFinance, Public - India | ||
| 999 |
_c343997 _d343997 |
||